<?xml version="1.0" encoding="UTF-8"?>
<record
    xmlns:xsi="http://www.w3.org/2001/XMLSchema-instance"
    xsi:schemaLocation="http://www.loc.gov/MARC21/slim http://www.loc.gov/standards/marcxml/schema/MARC21slim.xsd"
    xmlns="http://www.loc.gov/MARC21/slim">

  <leader>00412nam a22001577a 4500</leader>
  <controlfield tag="003">OSt</controlfield>
  <controlfield tag="008">230421b2019    |||||||| |||| 00| 0 eng d</controlfield>
  <datafield tag="020" ind1=" " ind2=" ">
    <subfield code="a">9789389307948</subfield>
  </datafield>
  <datafield tag="082" ind1=" " ind2=" ">
    <subfield code="a">158.7</subfield>
    <subfield code="b">KAI-O</subfield>
  </datafield>
  <datafield tag="100" ind1=" " ind2=" ">
    <subfield code="a">Kaila, H.L.</subfield>
  </datafield>
  <datafield tag="245" ind1=" " ind2=" ">
    <subfield code="a">Organizational psychology /</subfield>
    <subfield code="c">H.L. Kaila</subfield>
  </datafield>
  <datafield tag="260" ind1=" " ind2=" ">
    <subfield code="a">New Delhi :</subfield>
    <subfield code="b">Dreamtech Press,</subfield>
    <subfield code="c">2019.</subfield>
  </datafield>
  <datafield tag="300" ind1=" " ind2=" ">
    <subfield code="a">xvi, 309p. ;</subfield>
  </datafield>
  <datafield tag="650" ind1=" " ind2=" ">
    <subfield code="a">Psychology, Industrial</subfield>
  </datafield>
  <datafield tag="942" ind1=" " ind2=" ">
    <subfield code="2">ddc</subfield>
    <subfield code="c">BK</subfield>
  </datafield>
  <datafield tag="999" ind1=" " ind2=" ">
    <subfield code="c">19478</subfield>
    <subfield code="d">19478</subfield>
  </datafield>
  <datafield tag="952" ind1=" " ind2=" ">
    <subfield code="0">0</subfield>
    <subfield code="1">0</subfield>
    <subfield code="2">ddc</subfield>
    <subfield code="4">0</subfield>
    <subfield code="7">0</subfield>
    <subfield code="a">SOBD</subfield>
    <subfield code="b">SOBD</subfield>
    <subfield code="d">2023-04-21</subfield>
    <subfield code="e">Vedi Books</subfield>
    <subfield code="f">INR</subfield>
    <subfield code="g">455.00</subfield>
    <subfield code="o">158.7 KAI-O1</subfield>
    <subfield code="p">002741</subfield>
    <subfield code="r">2023-04-21</subfield>
    <subfield code="t">1</subfield>
    <subfield code="w">2023-04-15</subfield>
    <subfield code="y">REF</subfield>
    <subfield code="k">VEDI/23-24/04/09</subfield>
  </datafield>
  <datafield tag="952" ind1=" " ind2=" ">
    <subfield code="0">0</subfield>
    <subfield code="1">0</subfield>
    <subfield code="2">ddc</subfield>
    <subfield code="4">0</subfield>
    <subfield code="7">0</subfield>
    <subfield code="a">SOBD</subfield>
    <subfield code="b">SOBD</subfield>
    <subfield code="d">2023-04-21</subfield>
    <subfield code="e">Vedi Books</subfield>
    <subfield code="f">INR</subfield>
    <subfield code="g">455.00</subfield>
    <subfield code="o">158.7 KAI-O2</subfield>
    <subfield code="p">002742</subfield>
    <subfield code="r">2023-04-21</subfield>
    <subfield code="t">2</subfield>
    <subfield code="w">2023-04-15</subfield>
    <subfield code="y">BK</subfield>
    <subfield code="k">VEDI/23-24/04/09</subfield>
  </datafield>
  <datafield tag="952" ind1=" " ind2=" ">
    <subfield code="0">0</subfield>
    <subfield code="1">0</subfield>
    <subfield code="2">ddc</subfield>
    <subfield code="4">0</subfield>
    <subfield code="7">0</subfield>
    <subfield code="a">SOBD</subfield>
    <subfield code="b">SOBD</subfield>
    <subfield code="d">2023-04-21</subfield>
    <subfield code="e">Vedi Books</subfield>
    <subfield code="f">INR</subfield>
    <subfield code="g">455.00</subfield>
    <subfield code="o">158.7 KAI-O3</subfield>
    <subfield code="p">002743</subfield>
    <subfield code="r">2023-04-21</subfield>
    <subfield code="t">3</subfield>
    <subfield code="w">2023-04-15</subfield>
    <subfield code="y">BK</subfield>
    <subfield code="k">VEDI/23-24/04/09</subfield>
  </datafield>
  <datafield tag="952" ind1=" " ind2=" ">
    <subfield code="0">0</subfield>
    <subfield code="1">0</subfield>
    <subfield code="2">ddc</subfield>
    <subfield code="4">0</subfield>
    <subfield code="7">0</subfield>
    <subfield code="a">SOBD</subfield>
    <subfield code="b">SOBD</subfield>
    <subfield code="d">2023-04-21</subfield>
    <subfield code="e">Vedi Books</subfield>
    <subfield code="f">INR</subfield>
    <subfield code="g">455.00</subfield>
    <subfield code="o">158.7 KAI-O4</subfield>
    <subfield code="p">002744</subfield>
    <subfield code="r">2023-04-21</subfield>
    <subfield code="t">4</subfield>
    <subfield code="w">2023-04-15</subfield>
    <subfield code="y">BK</subfield>
    <subfield code="k">VEDI/23-24/04/09</subfield>
  </datafield>
  <datafield tag="952" ind1=" " ind2=" ">
    <subfield code="0">0</subfield>
    <subfield code="1">0</subfield>
    <subfield code="2">ddc</subfield>
    <subfield code="4">0</subfield>
    <subfield code="7">0</subfield>
    <subfield code="a">SOBD</subfield>
    <subfield code="b">SOBD</subfield>
    <subfield code="d">2023-04-21</subfield>
    <subfield code="e">Vedi Books</subfield>
    <subfield code="f">INR</subfield>
    <subfield code="g">455.00</subfield>
    <subfield code="o">158.7 KAI-O5</subfield>
    <subfield code="p">002745</subfield>
    <subfield code="r">2023-04-21</subfield>
    <subfield code="t">5</subfield>
    <subfield code="w">2023-04-15</subfield>
    <subfield code="y">BK</subfield>
    <subfield code="k">VEDI/23-24/04/09</subfield>
  </datafield>
  <datafield tag="952" ind1=" " ind2=" ">
    <subfield code="0">0</subfield>
    <subfield code="1">0</subfield>
    <subfield code="2">ddc</subfield>
    <subfield code="4">0</subfield>
    <subfield code="7">0</subfield>
    <subfield code="a">SOBD</subfield>
    <subfield code="b">SOBD</subfield>
    <subfield code="d">2023-04-21</subfield>
    <subfield code="e">Vedi Books</subfield>
    <subfield code="f">INR</subfield>
    <subfield code="g">455.00</subfield>
    <subfield code="o">158.7 KAI-O6</subfield>
    <subfield code="p">002746</subfield>
    <subfield code="r">2023-04-21</subfield>
    <subfield code="t">6</subfield>
    <subfield code="w">2023-04-15</subfield>
    <subfield code="y">BK</subfield>
    <subfield code="k">VEDI/23-24/04/09</subfield>
  </datafield>
</record>
